Shows by clue #1 - Statistics

General Stats
  • This quiz has been taken 18 times
  • The average score is 10 of 20
Answer Stats
Hint Answer % Correct
1) Chemistry teacher with terminal cancercreates a powerful methamphetamine in Albuquerque, NM Breaking Bad
94%
3) A quirky physicist works with his scientist friends at Cal Tech Big Bang Theory
76%
17) In 1980s Indiana, a group of friends experience supernaturalforces and unusual activity in their town Stranger Things
71%
2) A sarcastic woman and her friend are roommatesand work as waitresses while trying to save money 2 Broke Girls
65%
14) Members of the Windy City fire department deal withfires and tribulations in their tight knit group Chicago Fire
65%
19) A quirky, sarcastic doctor addicted to painkillers treatsbizarre illnesses with renowned knowledge House
65%
5) Food loving dad works at a power plant while dealing
with the tribulations of his family
Simpsons
65%
11) Follows a group of survivors trying to make a lifeafter a zombie apocalypse The Walking Dead
65%
10) John Dutton owns the largest ranch in the US, tryingto defend against corruption and land grabbers Yellowstone
65%
6) Rhode Island man has 3 kids and a talking dog alongwith his eccentric friends Family Guy
59%
15) John Nolan tries to become a LAPD officer and dealswith the perils of being an older newbie The Rookie
59%
4) Sherlock Holmes' partner returns to work at a Pittsburgh hospital treating rare diseases Watson
41%
9) Teachers at a Philadelphia area primary school showcase the mishaps of their school days Abbott Elementary
35%
12) An Irish-American police family deal with the day today crimes and drama of New York City Blue Bloods
35%
20) The daily tribulations of NYC couple Doug and Carrie as theydeal with her obnoxious father living in their basement King of Queens
35%
7) A NYPD captain and her detective team investigatesexual related crimes in the city Law and Order SVU
35%
18) Members of the FBIs Behavioral Analysis Unit investigate heinous crimes of the most brazen criminals Criminal Minds
29%
8) A family man and his kids move to LA from Michigannext to a quirky, opinionated man and his wife The Neighborhood
12%
16) Centers on members of an Austin fire department dealingwith emergencies and drama in their own lives 911 Lone Star
0%
13) Members of a specialized FBI team investigate crimesof the bureaus top listed criminals FBI Most Wanted
0%
No matching quizzes found
Score Distribution
Percent of People with Each Score
Percentile by Number Answered
Your Score History
You have not taken this quiz